Öküzün A'sı: (Record no. 12901)
[ view plain ]
| 000 -BAŞLIK | |
|---|---|
| Sabit Uzunlukta Kontrol Alanı | 01134nam a2200289 4500 |
| 999 ## - SİSTEM KONTROL NUMARALARI (KOHA) | |
| Koha Biblionumber | 12901 |
| Koha Biblioitemnumber | 12901 |
| 003 - KONTROL NUMARASI IDENTIFIER | |
| Denetim Alanı | MIRAKIL |
| 005 - SON İŞLEM TARİHİ VE ZAMANI | |
| Denetim Alanı | 20190312113644.0 |
| 008 - SABİT-BOY VERİ ELEMANLARI - GENEL BİLGİLER | |
| Sabit Uzunlukta Kontrol Alanı | 190312b tu ||||| |||| 00| 0 tur d |
| 020 ## - ULUSLARARASI STANDART KİTAP NUMARASI | |
| Uluslararası Standart Kitap Numarası | 9789755392493 |
| 040 ## - KATALOGLAMA KAYNAK | |
| Orijinal Kataloglama Ajansı | TR-AnCHP |
| Metne Dönüştürmek Ajansı | TR-AnCHP |
| 041 ## - DİL KODU | |
| Metin / Ses Parça Veya Ayrı Başlığın Dil Kodu | tur |
| 082 ## - DEWEY ONLU SINIFLANDIRMA NUMARASI | |
| Sınıflandırma Numarası | 302.2242 |
| Ürün Numarası | S25ö 2017 |
| 100 ## - ANA GİRİŞ - KİŞİSEL İSİM | |
| Kişisel Ad | Sanders, Barry |
| 245 10 - BAŞLIK TABLOSU | |
| Başlık | Öküzün A'sı: |
| Başlığın Kalan | elektronik çağda yazılı kültürün çöküşü ve şiddetin yükselişi / |
| Sorumluluk Tablosu, Vb | Barry Sanders ; çeviren Şahnaz Tahir. |
| 246 ## - UNVAN FORM VARYING | |
| Başlık Doğru / Kısa Başlığı | elektronik çağda yazılı kültürün çöküşü ve şiddetin yükselişi |
| 250 ## - EDITION TABLOSU | |
| Baskı Beyanı | 5.bs. |
| 260 ## - YAYIN, DAĞITIM, VB | |
| Yayın, Dağıtım, Vb Yeri | İstanbul: |
| Yayıncı, Dağıtıcı, Vs Adı | Ayrıntı yayınları, |
| Yayın, Dağıtım, Vb Tarihi | 2017. |
| 300 ## - FİZİKSEL TANIM | |
| Kapsam | 266 s.: |
| Boyutlar | 19 sm. |
| 490 0# - SERİSİ TABLOSU | |
| Seri Beyanı | Ayrıntı; |
| -- | İnceleme dizisi; |
| Hacim / Ardışık Tanımı | 231. |
| -- | 126. |
| 500 ## - GENEL NOT | |
| Genel Not | Özgün yapıt adı: A is for ox the callapse of literacy and the rise of violance in an electronic age |
| 504 ## - KAYNAKÇA VB NOT | |
| Kaynakça Vb Notu | Dizin vardır. |
| 650 #0 - KONU KATMA GİRİŞ - TOPİKAL DÖNEM | |
| 9 (RLIN) | 5407 |
| Topikal Süreli Veya Coğrafi Ad Giriş Elemanı | Kitle iletişim araçları |
| Genel Alt Bölümü | sosyal yönler |
| 650 #0 - KONU KATMA GİRİŞ - TOPİKAL DÖNEM | |
| 9 (RLIN) | 5408 |
| Topikal Süreli Veya Coğrafi Ad Giriş Elemanı | Okuryazarlık |
| 700 ## - KATMA GİRİŞ - KİŞİSEL İSİM | |
| 9 (RLIN) | 5406 |
| Kişisel Ad | Tahir, Şehnaz |
| 740 ## - KATMA GİRİŞ - KONTROLSUZ İLGİLİ / ANALİTİK BAŞLIK | |
| Kontrol Edilmeyen / İlgili Analitik Başlıktaki | elektronik çağda yazılı kültürün çöküşü ve şiddetin yükselişi |
| 942 ## - EKLENDİ GİRİŞ ELEMANLARI (KOHA) | |
| Sınıflandırma Veya Raf Düzeni Kaynak | Dewey Decimal Classification |
| Koha Öğesi Türü | Books |
| Kalıcı Konum | Mevcut Konum | Edinme Tarihi | Toplam Check-Out'Lar | Tam Çağrı Numarası | Barkod | Tarih Son Görülme | İtibaren Geçerli Fiyatlar | Koha Öğesi Türü |
|---|---|---|---|---|---|---|---|---|
| CHP Kütüphanesi | CHP Kütüphanesi | 03/12/2019 | 302.2242 S25ö 2017 | 018985 | 03/12/2019 | 03/12/2019 | Books |
